Регионална библиотека "Любен Каравелов" - Русе

Литература в средното училище (Запис номер 57068)

MARC детайли
000 -Лидер
Контролно поле с фиксирана дължина 01498nam a2200349 c 4500
003 - Код на организацията, давaща контролен номер
Контролно поле BLK
005 - Дата и час на последна редакция
Контролно поле 20180422102045.0
008 - Елементи от данни с фиксирана дължина
fixed length control field 180408b bul|||||r ||||||| ||bul||
010 ## - Наследен системен номер
LC control number KNG00061057000
040 ## - Източник на каталожния запис
Идентификатор на билиотеката - собственик на записа BLK
041 ## - Код за език
Код за езика на текст/звукозапис или на отделно заглавие Български
Код за езика КДБФ Български
080 ## - УДК
Текстов определител УДК Литература в основното училище. Методика на обучението
УДК код - определител по УДК 373.3.016:821
УДК определител
УДК - код + определител 373.3.016:821
080 ## - УДК
Текстов определител УДК Литература
УДК код - определител по УДК 82
УДК определител (072)
УДК - код + определител 82(072)
100 1# - Редна дума - Автор
Автор Братоев, Иван
Авторска отговорност първи автор
R(LIN) 363900
139 ## - Редно поле
Редна дума Литература в средното училище
Авторски знак Лит - Л 69
245 10 - Сведения за заглавието
Заглавие Литература в средното училище
Подзаглавни данни Методика за учителя
Редно поле (дума) Иван Братоев; ред. Искра Котова.
257 ## - Страна на издаване
Страна на създаване/издаване България
260 ## - Област на издателските данни
-- София
Име на издателя, разпространителя и проч. Нар. просв.
Година на издаване 1986
Печатница Враца : печ. В. Александров
300 ## - Физическа характеристика
Страници 488 с.
Илюстрации и др. с табл., 16 л. ил.
Размери/Мащаб 23 см
380 ## - Жанр
Жанр Обществени науки
500 ## - Общи забележки
Забележка Библиогр. под линия.
650 #4 - Допълнително описание по предмет – тема
Основно описание – тема или топоним Литература - методика на преподаването - за средни училища
9 (RLIN) 244002
653 ## - Ключова дума – ненормативна
Ключова дума литература
653 ## - Ключова дума – ненормативна
Ключова дума методика на преподаването
653 ## - Ключова дума – ненормативна
Ключова дума средни училища
700 1# - Други автори (авторска отговорност)
Лично име Котова, Искра
Автороска отговорност (Описва отношението между автора и произведението) ред.
9 (RLIN) 369422
852 ## - Местоположение
Форматна сигнатура Цб 143271
856 4# - Електронен адрес и достъп
Електронен формат pdf - файл
Път до файла /url/
856 4# - Електронен адрес и достъп
Електронен формат pdf - файл
Път до файла /url/
942 ## - АРТИКУЛИ
Вид на библиотечния материал Книги
Скрит в OPAC Не
Koha issues (borrowed), all copies 1
944 ## - СЪЗДАВАНЕ И РЕДАКЦИЯ на ЗАПИСА
Създаване/Редакция Създаване
Дата на регистрацията/редакция 13.06.2004
Служител, извършил регистрацията/редакцията Наталия_Медовщикова
944 ## - СЪЗДАВАНЕ И РЕДАКЦИЯ на ЗАПИСА
Създаване/Редакция Редакция
Дата на регистрацията/редакция 03.06.2009
Служител, извършил регистрацията/редакцията
999 ## - СИСТЕМНИ КОНТРОЛНИ НОМЕРА
Koha biblionumber 57068
Koha biblioitemnumber 57068
Наличности
Код за отписване Код за изгубен артикул Източник на класификационната схема Код за повреда Коз за рестрикции Код за отдаване Артикулен № Име на библиотеката - собственик Име на библиотеката, в която се намира в момента Статус (Текущо местоположение) Дата на вписване в системата Местоположение - отдел Цена в лева Инвентарен номер Систематично азбучна сигнатура Баркод Номер на екземпляра Цена в евро Служебна бележка Служебен тип на артикула
Изтеглен Не е изгубен Universal Decimal Classification Не е повреден без рестрикции ползва се в читалня 91748 Регионална библиотека "Любен Каравелов" Русе Регионална библиотека "Любен Каравелов" Русе Читалня 1993-01-01 Читалня 6.00 456027 Ч 372/Л 69 456027 1 3.07 Дост: Pk Вид: Ф N: стар фонд Дата: 01.01.2001 Дата инв: 15.03.2017 Бележки инв: Ч2017 Книги
  Не е изгубен Universal Decimal Classification Не е повреден без рестрикции ползва се в читалня 91749 Регионална библиотека "Любен Каравелов" Русе Регионална библиотека "Любен Каравелов" Русе Хранилище 2001-01-01 Хранилище 6.00 453398 Цб 143271 120000453398 2 3.07 Дост: Dp Вид: Д N: стар фонд Дата: 01.01.2001 Книги
Изтеглен Не е изгубен Universal Decimal Classification Не е повреден без рестрикции заемане за дома 91750 Регионална библиотека "Любен Каравелов" Русе Регионална библиотека "Любен Каравелов" Русе Заемна - подръчен фонд 2001-01-01 Заемна - подръчен фонд 6.00 455370 П 372/Л 69 455370 3 3.07 Дост: Pk Вид: Ф N: стар фонд Дата: 01.01.2001 Дата инв: 16.02.2018 Бележки инв: П2018 Книги
Изтеглен Не е изгубен Universal Decimal Classification Не е повреден без рестрикции ползва се в читалня 91751 Регионална библиотека "Любен Каравелов" Русе Регионална библиотека "Любен Каравелов" Русе Хранилище 2001-01-01 Основен фонд - ползва се само за читалня 6.00 456025 Цб 143271 120000456025 4 3.07 Дост: Pk Вид: Ф N: стар фонд Дата: 01.01.2001 Книги
Vip Innovations Ltd, Rousse, Bulgaria 2025